00708nam a2200181 a 450000100100000000500170001000800410002704000250006808200150009310000400010824501000014826000340024830000200028271000850030204900090038795201130039699900170050900002228920250502073819.0100921s1985 dr 000 0 spa d aDO-SdBNPbspacBNPHU axxxxbE77o1 aEsquea Guerrero, Emmanuel T.93079213aLa organización constitucional durante la primera república /cEmmanuel T. Esquea Guerrero. aSanto Domingo :bONAP,c1985. a26 p. ;c22 cm.1 aRepública Dominicana.bOficina Nacional de Administración y Personal 926398 aBNPD 0010718PDaPDbPDcCTd2010-09-21iLF1l0oxxxx E77op22289-10r2020-06-25w2020-06-25yLFPDZNo se presta c21787d21787